<?xml version="1.0" encoding="UTF-8"?>
<collection xmlns="http://www.loc.gov/MARC21/slim">
 <record>
  <leader>05342cam a2200925   4500</leader>
  <controlfield tag="001">537760725</controlfield>
  <controlfield tag="003">DE-627</controlfield>
  <controlfield tag="005">20240313183932.0</controlfield>
  <controlfield tag="007">tu</controlfield>
  <controlfield tag="008">070717s2008    xxu|||||      00| ||eng c</controlfield>
  <datafield tag="010" ind1=" " ind2=" ">
   <subfield code="a">  2007029207</subfield>
  </datafield>
  <datafield tag="020" ind1=" " ind2=" ">
   <subfield code="a">075465530X</subfield>
   <subfield code="c">hardcover : alk. paper</subfield>
   <subfield code="9">0-7546-5530-X</subfield>
  </datafield>
  <datafield tag="020" ind1=" " ind2=" ">
   <subfield code="a">9780754655305</subfield>
   <subfield code="c"> : hardcover : alk. paper</subfield>
   <subfield code="9">978-0-7546-5530-5</subfield>
  </datafield>
  <datafield tag="024" ind1="3" ind2=" ">
   <subfield code="a">9780754655305</subfield>
  </datafield>
  <datafield tag="035" ind1=" " ind2=" ">
   <subfield code="a">(DE-627)537760725</subfield>
  </datafield>
  <datafield tag="035" ind1=" " ind2=" ">
   <subfield code="a">(DE-576)275156885</subfield>
  </datafield>
  <datafield tag="035" ind1=" " ind2=" ">
   <subfield code="a">(DE-599)GBV537760725</subfield>
  </datafield>
  <datafield tag="035" ind1=" " ind2=" ">
   <subfield code="a">(OCoLC)229897902</subfield>
  </datafield>
  <datafield tag="035" ind1=" " ind2=" ">
   <subfield code="a">(OCoLC)156785065</subfield>
  </datafield>
  <datafield tag="040" ind1=" " ind2=" ">
   <subfield code="a">DE-627</subfield>
   <subfield code="b">ger</subfield>
   <subfield code="c">DE-627</subfield>
   <subfield code="e">rakwb</subfield>
  </datafield>
  <datafield tag="041" ind1=" " ind2=" ">
   <subfield code="a">eng</subfield>
  </datafield>
  <datafield tag="044" ind1=" " ind2=" ">
   <subfield code="c">XD-US</subfield>
   <subfield code="c">XA-GB</subfield>
  </datafield>
  <datafield tag="050" ind1=" " ind2="0">
   <subfield code="a">ND1432.I8</subfield>
  </datafield>
  <datafield tag="082" ind1="0" ind2=" ">
   <subfield code="a">704.9482094555</subfield>
  </datafield>
  <datafield tag="082" ind1="0" ind2=" ">
   <subfield code="a">704.9/482094555</subfield>
   <subfield code="q">OCLC</subfield>
  </datafield>
  <datafield tag="084" ind1=" " ind2=" ">
   <subfield code="a">9,10</subfield>
   <subfield code="2">ssgn</subfield>
  </datafield>
  <datafield tag="084" ind1=" " ind2=" ">
   <subfield code="a">LN 58513</subfield>
   <subfield code="2">rvk</subfield>
   <subfield code="0">(DE-625)rvk/102101:13314</subfield>
  </datafield>
  <datafield tag="084" ind1=" " ind2=" ">
   <subfield code="a">LH 60250</subfield>
   <subfield code="2">rvk</subfield>
   <subfield code="0">(DE-625)rvk/94185:</subfield>
  </datafield>
  <datafield tag="084" ind1=" " ind2=" ">
   <subfield code="a">BM 4120</subfield>
   <subfield code="2">rvk</subfield>
   <subfield code="0">(DE-625)rvk/12610:</subfield>
  </datafield>
  <datafield tag="084" ind1=" " ind2=" ">
   <subfield code="a">MS 3150</subfield>
   <subfield code="2">rvk</subfield>
   <subfield code="0">(DE-625)rvk/123671:</subfield>
  </datafield>
  <datafield tag="084" ind1=" " ind2=" ">
   <subfield code="a">21.70</subfield>
   <subfield code="2">bkl</subfield>
  </datafield>
  <datafield tag="084" ind1=" " ind2=" ">
   <subfield code="a">20.16</subfield>
   <subfield code="2">bkl</subfield>
  </datafield>
  <datafield tag="100" ind1="1" ind2=" ">
   <subfield code="a">Roberts, Ann</subfield>
   <subfield code="d">1952-</subfield>
   <subfield code="0">(DE-588)133957721</subfield>
   <subfield code="0">(DE-627)558497500</subfield>
   <subfield code="0">(DE-576)180565141</subfield>
   <subfield code="4">aut</subfield>
  </datafield>
  <datafield tag="245" ind1="1" ind2="0">
   <subfield code="a">Dominican women and Renaissance art</subfield>
   <subfield code="b">the Convent of San Domenico of Pisa</subfield>
   <subfield code="c">Ann Roberts</subfield>
  </datafield>
  <datafield tag="264" ind1=" " ind2="1">
   <subfield code="a">Aldershot [u.a.]</subfield>
   <subfield code="b">Ashgate</subfield>
   <subfield code="c">2008</subfield>
  </datafield>
  <datafield tag="300" ind1=" " ind2=" ">
   <subfield code="a">XVI, 375 S.</subfield>
   <subfield code="b">zahlr. Ill.</subfield>
  </datafield>
  <datafield tag="336" ind1=" " ind2=" ">
   <subfield code="a">Text</subfield>
   <subfield code="b">txt</subfield>
   <subfield code="2">rdacontent</subfield>
  </datafield>
  <datafield tag="337" ind1=" " ind2=" ">
   <subfield code="a">ohne Hilfsmittel zu benutzen</subfield>
   <subfield code="b">n</subfield>
   <subfield code="2">rdamedia</subfield>
  </datafield>
  <datafield tag="338" ind1=" " ind2=" ">
   <subfield code="a">Band</subfield>
   <subfield code="b">nc</subfield>
   <subfield code="2">rdacarrier</subfield>
  </datafield>
  <datafield tag="490" ind1="0" ind2=" ">
   <subfield code="a">Women and gender in the early modern world</subfield>
  </datafield>
  <datafield tag="500" ind1=" " ind2=" ">
   <subfield code="a">Includes bibliographical references and index</subfield>
  </datafield>
  <datafield tag="505" ind1="8" ind2="0">
   <subfield code="a">Literaturverz. S. [337] - 367 und Index</subfield>
  </datafield>
  <datafield tag="583" ind1="1" ind2=" ">
   <subfield code="a">Archivierung/Langzeitarchivierung gewährleistet</subfield>
   <subfield code="f">SSG</subfield>
   <subfield code="x">XA-DE-BW</subfield>
   <subfield code="2">pdager</subfield>
   <subfield code="5">DE-16</subfield>
  </datafield>
  <datafield tag="610" ind1="1" ind2="0">
   <subfield code="a">Convento di San Domenico (Pisa, Italy)</subfield>
  </datafield>
  <datafield tag="610" ind1="2" ind2="0">
   <subfield code="a">Convento di San Domenico (Pisa, Italy)</subfield>
  </datafield>
  <datafield tag="650" ind1=" " ind2="0">
   <subfield code="a">Christian saints in art</subfield>
  </datafield>
  <datafield tag="650" ind1=" " ind2="0">
   <subfield code="a">Painting, Renaissance</subfield>
   <subfield code="x">Italy</subfield>
   <subfield code="x">Pisa</subfield>
  </datafield>
  <datafield tag="650" ind1=" " ind2="0">
   <subfield code="a">Painting, Italian</subfield>
   <subfield code="x">15th century</subfield>
   <subfield code="x">Italy</subfield>
   <subfield code="x">Pisa</subfield>
  </datafield>
  <datafield tag="650" ind1=" " ind2="0">
   <subfield code="a">Church decoration and ornament</subfield>
   <subfield code="x">Italy</subfield>
   <subfield code="x">Pisa</subfield>
  </datafield>
  <datafield tag="650" ind1=" " ind2="0">
   <subfield code="a">Art patronage</subfield>
   <subfield code="x">History</subfield>
   <subfield code="x">15th century</subfield>
   <subfield code="x">Italy</subfield>
   <subfield code="x">Pisa</subfield>
  </datafield>
  <datafield tag="650" ind1=" " ind2="0">
   <subfield code="a">Dominican sisters</subfield>
   <subfield code="x">Italy</subfield>
   <subfield code="x">Pisa</subfield>
  </datafield>
  <datafield tag="689" ind1="0" ind2="0">
   <subfield code="d">b</subfield>
   <subfield code="0">(DE-588)7601669-9</subfield>
   <subfield code="0">(DE-627)559159935</subfield>
   <subfield code="0">(DE-576)277382203</subfield>
   <subfield code="a">Kloster San Domenico Pisa</subfield>
   <subfield code="2">gnd</subfield>
  </datafield>
  <datafield tag="689" ind1="0" ind2="1">
   <subfield code="d">s</subfield>
   <subfield code="0">(DE-588)4114333-4</subfield>
   <subfield code="0">(DE-627)105822957</subfield>
   <subfield code="0">(DE-576)209483733</subfield>
   <subfield code="a">Kunst</subfield>
   <subfield code="2">gnd</subfield>
  </datafield>
  <datafield tag="689" ind1="0" ind2="2">
   <subfield code="d">s</subfield>
   <subfield code="0">(DE-588)4138356-4</subfield>
   <subfield code="0">(DE-627)105643300</subfield>
   <subfield code="0">(DE-576)209685352</subfield>
   <subfield code="a">Ausstattung</subfield>
   <subfield code="2">gnd</subfield>
  </datafield>
  <datafield tag="689" ind1="0" ind2="3">
   <subfield code="a">z</subfield>
   <subfield code="2">gnd</subfield>
   <subfield code="a">Geschichte 1400-1500</subfield>
  </datafield>
  <datafield tag="689" ind1="0" ind2=" ">
   <subfield code="5">(DE-627)</subfield>
  </datafield>
  <datafield tag="689" ind1="1" ind2="0">
   <subfield code="d">p</subfield>
   <subfield code="0">(DE-588)133972089</subfield>
   <subfield code="0">(DE-627)69197618X</subfield>
   <subfield code="0">(DE-576)277384125</subfield>
   <subfield code="a">Chiara</subfield>
   <subfield code="c">Pisa, Priorin</subfield>
   <subfield code="d">1362-1419</subfield>
   <subfield code="2">gnd</subfield>
  </datafield>
  <datafield tag="689" ind1="1" ind2="1">
   <subfield code="d">s</subfield>
   <subfield code="0">(DE-588)4074442-5</subfield>
   <subfield code="0">(DE-627)106089617</subfield>
   <subfield code="0">(DE-576)209193867</subfield>
   <subfield code="a">Mäzenatentum</subfield>
   <subfield code="2">gnd</subfield>
  </datafield>
  <datafield tag="689" ind1="1" ind2=" ">
   <subfield code="5">(DE-627)</subfield>
  </datafield>
  <datafield tag="787" ind1="0" ind2="8">
   <subfield code="i">Rezensiert in</subfield>
   <subfield code="a">Paul, Benjamin, 1969 - </subfield>
   <subfield code="t">[Rezension von: Ann Roberts, Dominican women and Renaissance art]</subfield>
   <subfield code="d">Regensburg : Schnell und Steiner, 2009</subfield>
   <subfield code="w">(DE-627)155185600X</subfield>
   <subfield code="w">(DE-576)481856005</subfield>
  </datafield>
  <datafield tag="787" ind1="0" ind2="8">
   <subfield code="i">Rezensiert in</subfield>
   <subfield code="a">Ehrenschwendtner, Marie-Luise, 1958 - </subfield>
   <subfield code="t">Dominican women and Renaissance art. The convent of San Domenico of Pisa. By Ann Roberts. (Women and Gender in the Early Modern World.) Pp. xvi+375 incl. 86 figs. Aldershot–Burlington, VT: Ashgate, 2008. £60. 978 0 7546 5530 5</subfield>
   <subfield code="d">2009</subfield>
   <subfield code="w">(DE-627)1784665983</subfield>
  </datafield>
  <datafield tag="787" ind1="0" ind2="8">
   <subfield code="i">Rezensiert in</subfield>
   <subfield code="a">Long, Jane C.</subfield>
   <subfield code="t">[Rezension von: Roberts, Ann, Dominican Women and Renaissance Art: The Convent of San Domenico of Pisa]</subfield>
   <subfield code="d">2010</subfield>
   <subfield code="w">(DE-627)1802411577</subfield>
  </datafield>
  <datafield tag="856" ind1="4" ind2="2">
   <subfield code="u">https://swbplus.bsz-bw.de/bsz275156885inh.htm</subfield>
   <subfield code="m">V:DE-576</subfield>
   <subfield code="q">application/pdf</subfield>
   <subfield code="3">Inhaltsverzeichnis</subfield>
  </datafield>
  <datafield tag="935" ind1=" " ind2=" ">
   <subfield code="a">mteo</subfield>
  </datafield>
  <datafield tag="935" ind1=" " ind2=" ">
   <subfield code="i">Blocktest</subfield>
  </datafield>
  <datafield tag="936" ind1="r" ind2="v">
   <subfield code="a">LN 58513</subfield>
   <subfield code="b">Klöster</subfield>
   <subfield code="k">Kunstgeschichte</subfield>
   <subfield code="k">Kunst nach Ländern bzw. Kontinenten</subfield>
   <subfield code="k">Italien</subfield>
   <subfield code="k">Kunsttopografie Italiens</subfield>
   <subfield code="k">Alphabetische Liste der italienischen Orte</subfield>
   <subfield code="k">Orte P</subfield>
   <subfield code="k">Pisa</subfield>
   <subfield code="k">Klöster</subfield>
   <subfield code="0">(DE-627)1272495418</subfield>
   <subfield code="0">(DE-625)rvk/102101:13314</subfield>
   <subfield code="0">(DE-576)202495418</subfield>
  </datafield>
  <datafield tag="936" ind1="r" ind2="v">
   <subfield code="a">LH 60250</subfield>
   <subfield code="b">Frauenkunst, Feministische Kunst, Geschlechterforschung (Gender Studies)</subfield>
   <subfield code="k">Kunstgeschichte</subfield>
   <subfield code="k">Allgemeines. Allgemeine Kunstgeschichte</subfield>
   <subfield code="k">Bildende Kunst in Staat und Gesellschaft</subfield>
   <subfield code="k">Kunstsoziologie (sämtlicher oder mehrerer Kunstgattungen) Soziologie des Künstlers</subfield>
   <subfield code="k">Frauenkunst, Feministische Kunst, Geschlechterforschung (Gender Studies)</subfield>
   <subfield code="0">(DE-627)133682994X</subfield>
   <subfield code="0">(DE-625)rvk/94185:</subfield>
   <subfield code="0">(DE-576)266829945</subfield>
  </datafield>
  <datafield tag="936" ind1="r" ind2="v">
   <subfield code="a">BM 4120</subfield>
   <subfield code="b">Dominikaner, -innen</subfield>
   <subfield code="k">Theologie und Religionswissenschaften</subfield>
   <subfield code="k">Theologie des geistlichen Lebens</subfield>
   <subfield code="k">Quellen zur Theologie des geistlichen Lebens</subfield>
   <subfield code="k">Hochmittelalter (13. Jahrhundert)</subfield>
   <subfield code="k">Spiritualität der Mendikantenorden</subfield>
   <subfield code="k">Dominikaner, -innen</subfield>
   <subfield code="0">(DE-627)127073170X</subfield>
   <subfield code="0">(DE-625)rvk/12610:</subfield>
   <subfield code="0">(DE-576)20073170X</subfield>
  </datafield>
  <datafield tag="936" ind1="r" ind2="v">
   <subfield code="a">MS 3150</subfield>
   <subfield code="b">Frauenbewegung</subfield>
   <subfield code="k">Soziologie</subfield>
   <subfield code="k">Spezielle Soziologien</subfield>
   <subfield code="k">Soziologische Geschlechterforschung (Gender Studies)</subfield>
   <subfield code="k">Spezielle Forschungsgebiete der soziologischen Geschlechterforschung</subfield>
   <subfield code="k">Geschlechtlich motivierte politische Bewegungen</subfield>
   <subfield code="k">Frauenbewegung</subfield>
   <subfield code="0">(DE-627)144133470X</subfield>
   <subfield code="0">(DE-625)rvk/123671:</subfield>
   <subfield code="0">(DE-576)371334705</subfield>
  </datafield>
  <datafield tag="936" ind1="b" ind2="k">
   <subfield code="a">21.70</subfield>
   <subfield code="j">Geschichte der Sakralbaukunst</subfield>
   <subfield code="0">(DE-627)106421255</subfield>
  </datafield>
  <datafield tag="936" ind1="b" ind2="k">
   <subfield code="a">20.16</subfield>
   <subfield code="j">Kunstförderung</subfield>
   <subfield code="0">(DE-627)106406558</subfield>
  </datafield>
  <datafield tag="951" ind1=" " ind2=" ">
   <subfield code="a">BO</subfield>
  </datafield>
  <datafield tag="990" ind1=" " ind2=" ">
   <subfield code="a">Kloster San Domenico Pisa</subfield>
  </datafield>
  <datafield tag="990" ind1=" " ind2=" ">
   <subfield code="a">Kunst</subfield>
  </datafield>
  <datafield tag="990" ind1=" " ind2=" ">
   <subfield code="a">Ausstattung</subfield>
  </datafield>
  <datafield tag="990" ind1=" " ind2=" ">
   <subfield code="a">Geschichte 1400-1500</subfield>
  </datafield>
  <datafield tag="990" ind1=" " ind2=" ">
   <subfield code="a">Chiara &lt;Pisa, Priorin&gt; </subfield>
  </datafield>
  <datafield tag="990" ind1=" " ind2=" ">
   <subfield code="a">Mäzenatentum</subfield>
  </datafield>
  <datafield tag="991" ind1=" " ind2=" ">
   <subfield code="a">Rezensiertes Werk</subfield>
  </datafield>
  <datafield tag="999" ind1=" " ind2=" ">
   <subfield code="a">KXP-PPN537760725</subfield>
   <subfield code="e">4157552733</subfield>
  </datafield>
 </record>
</collection>
